000 00816nam a22002417a 4500
001 5633
003 FISKH
005 20250108130135.0
008 250108b cb ||||| |||| 00| 0 eng d
020 _a9780439295758
040 _aFISKH
_beng
_cFISKH
_dFISKH
050 _aPR5485.A1
082 _a823.8
100 _aStevenson,Robert Louis
245 _aDr. Jekyll and Mr. Hyde and other stories of the supernatural /
_cby Robert Louis Stevenson With an introduction by Garth Nix
260 _aNew York :
_bScholastic ;
_c2001.
300 _a194 pages :
_billustrations ;
_c18 cm .
520 _aAfter taking his experimental medicine, a kind and gentle doctor can turn himself into a murderous madman.
650 _ahorror
_vfiction
700 _aNix, Garth
_eeditor
942 _2ddc
_cBK
_n0
999 _c5633
_d5633